Mathematical methods for molecular science : (Record no. 1428806)

MARC details
000 -LEADER
fixed length control field 02604cam a2200289 i 4500
001 - CONTROL NUMBER
control field 22669472
005 - DATE AND TIME OF LATEST TRANSACTION
control field 20250519123006.0
008 - FIXED-LENGTH DATA ELEMENTS--GENERAL INFORMATION
fixed length control field 220625s2022 nyu b 001 0 eng
010 ## - LIBRARY OF CONGRESS CONTROL NUMBER
LC control number 2022016219
020 ## - INTERNATIONAL STANDARD BOOK NUMBER
International Standard Book Number 9781940380131
040 ## - CATALOGING SOURCE
Original cataloging agency CSL
Language of cataloging eng
Transcribing agency CSL
041 ## - LANGUAGE CODE
Source of code eng
Language code of text/sound track or separate title eng
084 ## - COLON CLASSIFICATION NUMBER
Classification number B0bE:14 R2 Carc
Assigning agency CSL
100 1# - MAIN ENTRY--PERSONAL NAME
Personal name Straub, John Edward,
Relator term author.
9 (RLIN) 808881
245 10 - TITLE STATEMENT
Title Mathematical methods for molecular science :
Remainder of title Theory and applications, visualizations and narrative
250 ## - EDITION STATEMENT
Edition statement 1
260 ## - PUBLICATION, DISTRIBUTION, ETC.
Place of publication, distribution, etc. New York :
Name of publisher, distributor, etc. University Science Books,
Date of publication, distribution, etc. 2022.
300 ## - PHYSICAL DESCRIPTION
Extent 534 pages:
Other physical details ill col
Dimensions ; 26 cm
504 ## - BIBLIOGRAPHY, ETC. NOTE
Bibliography, etc. note Includes bibliographical references (pages 529-530) and index.
505 0# - FORMATTED CONTENTS NOTE
Formatted contents note Functions and coordinate systems -- Complex numbers and logarithms -- Differentiation in one and many dimensions -- Scalars, vectors, and vector algebra -- Scalar and vector operators -- Extremizing functions of many variables -- Sequences, series, and expansions -- Integration in one and many dimensions -- Fundamentals of probability and statistics -- Ordinary differential equations -- More ordinary differential equations -- Partial differential equations -- Fourier series, Fourier transforms, and harmonic analysis -- Matrices and matrix algebra -- Eigenvalues and eigenvectors -- Geometric transforms and molecular symmetry.
520 ## - SUMMARY, ETC.
Summary, etc. "Mastery of key ideas in quantum mechanics requires knowledge of operators, differential equations, multidimensional integration, vector algebra, and functions of complex numbers. Statistical thermodynamics and kinetics require facility with partial differentiation, extremizing functions subject to constraints, and knowledge of differential equations. However, a treatment of these topics through specialized courses offered by mathematics departments is prohibitively time consuming for many molecular science majors in the fields of chemistry, biochemistry, biophysics, and materials science. Mathematical Methods for Molecular Science is designed to support a one-semester course that builds on the introductory calculus sequence and covers critical topics in multivariate calculus, ordinary and partial differential equations, and linear algebra"--
Assigning source Provided by publisher.
650 #0 - SUBJECT ADDED ENTRY--TOPICAL TERM
Topical term or geographic name entry element Molecular biology
General subdivision Mathematics.
9 (RLIN) 808882
650 #0 - SUBJECT ADDED ENTRY--TOPICAL TERM
Topical term or geographic name entry element Biomathematics.
9 (RLIN) 808883
650 #0 - SUBJECT ADDED ENTRY--TOPICAL TERM
Topical term or geographic name entry element Calculus.
9 (RLIN) 808884
776 08 - ADDITIONAL PHYSICAL FORM ENTRY
Relationship information Online version:
Main entry heading Straub, John Edward.
Title Mathematical methods for molecular science.
Edition First edition
Place, publisher, and date of publication New York : University Science Books, 2022
942 ## - ADDED ENTRY ELEMENTS (KOHA)
Source of classification or shelving scheme Colon Classification (CC)
Suppress in OPAC No
Koha item type Textual
Edition 1
Classification part B0bE:14 R2 Carc
Holdings
Withdrawn status Lost status Source of classification or shelving scheme Damaged status Not for loan Home library Current library Date acquired Source of acquisition Total Checkouts Full call number Barcode Date last seen Price effective from Koha item type
    Colon Classification (CC)     Central Science Library Department of Chemistry Library 2024-12-18 Viva Books Private Limited   B0bE:14 R2 Carc CD0009451 2025-05-19 2025-05-19 Textual
Copyright @ Delhi University Library System